00417nam a2200145Ia 45000010005000000080041000050200018000460820023000641000050000872450056001372600028001935900007002219010028002289990015002563388241024s9999 xx 000 0 und d a99934-77-51-6 aRD/378.97293/UN58p aUniversidad Autónoma de Santo Domingo, UASD 0aProyecto de Facultada de Ciencias de la Educación bEd. Universitariac2004 asi a11/10/2013 3:11:37 p.m. c8334d8334